[Event "Cavarzere op 14th"]
[Site "Cavarzere"]
[Date "2011.10.22"]
[Round "4.9"]
[White "Schoonhoven, Edger"]
[Black "Lodici, Lorenzo"]
[Result "1/2-1/2"]
[WhiteElo "1872"]
[BlackElo "1723"]
[PlyCount "65"]
[EventDate "2011.10.15"]
[EventType "swiss"]
[EventRounds "6"]
[EventCountry "ITA"]
[SourceTitle "EXT 2023"]
[Source "ChessBase"]
[SourceDate "2022.10.05"]
[SourceVersion "1"]
[SourceVersionDate "2022.10.05"]
[SourceQuality "1"]

1. Nf3 Nf6 2. c4 g6 3. Nc3 Bg7 4. g3 d6 5. Bg2 0-0 6. 0-0 c5 7. d4 Nc6 8. dxc5 dxc5 9. Bf4 Nh5 10. Be3 Nd4 11. Na4 Qc7 12. Nxc5 Qxc5 13. Bxd4 Qxc4 14. Bxg7 Nxg7 15. Ne5 Qb5 16. Nd3 Ne6 17. a4 Qb6 18. a5 Qd6 19. a6 Rb8 20. axb7 Bxb7 21. Rxa7 Qb6 22. Rxb7 Rxb7 23. Bxb7 Qxb7 24. Qd2 Rd8 25. Qe3 Qd5 26. b4 Qd4 27. b5 Qxe3 28. fxe3 Rb8 29. Rb1 Rb6 30. Nf4 Nc7 31. Kf2 Rxb5 32. Rxb5 Nxb5 33. Kf3 1/2-1/2

[Event "Cavarzere op 14th"]
[Site "Cavarzere"]
[Date "2011.10.16"]
[Round "3.12"]
[White "Fragni, Enrico"]
[Black "Schoonhoven, Edger"]
[Result "0-1"]
[WhiteElo "1720"]
[BlackElo "1872"]
[PlyCount "120"]
[EventDate "2011.10.15"]
[EventType "swiss"]
[EventRounds "6"]
[EventCountry "ITA"]
[SourceTitle "EXT 2023"]
[Source "ChessBase"]
[SourceDate "2022.10.05"]
[SourceVersion "1"]
[SourceVersionDate "2022.10.05"]
[SourceQuality "1"]

1. g3 Nf6 2. Bg2 g6 3. c4 Bg7 4. Nc3 0-0 5. Nf3 d6 6. 0-0 e5 7. d3 Nc6 8. Bg5 h6 9. Bd2 Be6 10. Rb1 a5 11. a3 Qd7 12. Qc1 Kh7 13. Kh1 Bh3 14. Nb5 Bxg2+ 15. Kxg2 d5 16. Nc3 dxc4 17. dxc4 e4 18. Ng1 Rad8 19. Be3 Qe7 20. Nh3 Ne5 21. b3 Neg4 22. Nf4 Nxe3+ 23. fxe3 c6 24. b4 axb4 25. axb4 g5 26. Nh3 Ng4 27. Nf2 Nxf2 28. Rxf2 Qe5 29. Na4 f5 30. Qc2 Rf7 31. Rbf1 Rd6 32. Nc5 Rdf6 33. g4 b6 34. Nb3 fxg4 35. Rxf6 Rxf6 36. Rxf6 Bxf6 37. Nd2 Kg7 38. Qxe4 Qxe4+ 39. Nxe4 Be7 40. c5 bxc5 41. bxc5 Kf7 42. h3 gxh3+ 43. Kxh3 h5 44. Kg3 Ke6 45. Kf3 Kd5 46. Nf2 Bxc5 47. e4+ Ke6 48. Nd3 Bd6 49. e3 c5 50. e5 c4 51. Ne1 Bxe5 52. Nc2 g4+ 53. Kg2 Kf5 54. Kf2 Ke4 55. Ke2 h4 56. Ne1 h3 57. Kf2 g3+ 58. Kg1 Kxe3 59. Nc2+ Kd2 60. Nb4 Bd4+ 0-1

[Event "Cavarzere op 14th"]
[Site "Cavarzere"]
[Date "2011.10.16"]
[Round "2.13"]
[White "Schoonhoven, Edger"]
[Black "Rosina, Graziano"]
[Result "1/2-1/2"]
[WhiteElo "1872"]
[BlackElo "1813"]
[PlyCount "36"]
[EventDate "2011.10.15"]
[EventType "swiss"]
[EventRounds "6"]
[EventCountry "ITA"]
[SourceTitle "EXT 2023"]
[Source "ChessBase"]
[SourceDate "2022.10.05"]
[SourceVersion "1"]
[SourceVersionDate "2022.10.05"]
[SourceQuality "1"]

1. Nf3 Nf6 2. c4 c5 3. g3 Nc6 4. Bg2 d5 5. cxd5 Nxd5 6. Nc3 Nc7 7. d3 e5 8. Nd2 Be7 9. Bxc6+ bxc6 10. Nc4 f6 11. 0-0 0-0 12. Bd2 Be6 13. Qc2 Nb5 14. Nxb5 cxb5 15. Ne3 Qd7 16. a4 a6 17. b3 Rfc8 18. Rfc1 Rd8 1/2-1/2